| 000 | 00574nam a2200181Ia 4500 | ||
|---|---|---|---|
| 008 | 151202s9999||||xx |||||||||||||| ||und|| | ||
| 082 | _bPNVM-18012 | ||
| 100 | _aगोरे ग. मो. | ||
| 245 | _aअलंकार चंद्रिका. | ||
| 260 | _b"ग. सो. गोरे,वर्हाड." | ||
| 260 | _c0 | ||
| 300 | _a209 | ||
| 600 | _aगोरे ग. मो. | ||
| 630 | _aअलंकार चंद्रिका. | ||
| 700 | _aगोरे ग. मो. | ||
| 730 | _aअलंकार चंद्रिका. | ||
| 942 | _cBOOK | ||
| 999 |
_c1283996 _d1283993 |
||